राजा विक्रमच्या कथा. (Record no. 263546)

MARC details
000 -LEADER
fixed length control field 00634nam a2200181Ia 4500
008 - FIXED-LENGTH DATA ELEMENTS--GENERAL INFORMATION
fixed length control field 090630s9999 xx 000 0 und d
082 ## - DEWEY DECIMAL CLASSIFICATION NUMBER
Item number 11690
100 ## - MAIN ENTRY--PERSONAL NAME
Personal name देवळे श. रा.
245 ## - TITLE STATEMENT
Title राजा विक्रमच्या कथा.
Statement of responsibility, etc देवळे श. रा.
260 ## - PUBLICATION, DISTRIBUTION, ETC. (IMPRINT)
Name of publisher, distributor, etc निर्मल.
Date of publication, distribution, etc 1981
300 ## - PHYSICAL DESCRIPTION
Extent 64
600 ## - SUBJECT ADDED ENTRY--PERSONAL NAME
Personal name देवळे श. रा.
630 ## - SUBJECT ADDED ENTRY--UNIFORM TITLE
Uniform title राजा विक्रमच्या कथा.
655 ## - INDEX TERM--GENRE/FORM
Genre/form data or focus term बालवाङमय.
700 ## - ADDED ENTRY--PERSONAL NAME
Personal name देवळे श. रा.
730 ## - ADDED ENTRY--UNIFORM TITLE
Uniform title राजा विक्रमच्या कथा.
942 ## - ADDED ENTRY ELEMENTS (KOHA)
Koha item type Book
Holdings
Withdrawn status Lost status Damaged status Not for loan Home library Current library Date acquired Cost, normal purchase price Total Checkouts Full call number Barcode Date last seen Cost, replacement price Price effective from Koha item type
        Sarvajanik Wachanalaya Shrivardhan Sarvajanik Wachanalaya Shrivardhan   8.00   11690 SAWASHRI-11690 06/30/2009 8.00 06/30/2009 Book